Zákon o správe majetku štátu v kontexte PPP

Slovenská právna regulácia realizácie PPP projektov. PPP a zákon o správe majetku štátu ( zákon č. 278/1993 Z. z. v znení neskorších predpisov).

Gespeichert in:
Bibliographische Detailangaben
1. Verfasser: Veterníková, Mária, 1964-
Format: Buchkapitel
Sprache:Slowakisch
Schlagworte:
Tags: Tag hinzufügen
Keine Tags, Fügen Sie das erste Tag hinzu!

MARC

LEADER 00000naa a2200000 4500
001 0179353
005 20240521105003.0
041 0 |a slo 
044 |a CZ 
245 1 0 |a Zákon o správe majetku štátu v kontexte PPP  |c Mária Veterníková 
520 |a Slovenská právna regulácia realizácie PPP projektov. PPP a zákon o správe majetku štátu ( zákon č. 278/1993 Z. z. v znení neskorších predpisov). 
610 2 0 |a partnerstvo verejno-súkromné 
610 2 0 |a štát 
610 2 0 |a majetok 
610 2 0 |a obstarávanie verejné 
610 2 0 |a legislatíva 
610 2 0 |a právo obchodné 
100 1 |a Veterníková, Mária, 1964-